| 000 | 00563nam a2200241Ia 4500 | ||
|---|---|---|---|
| 008 | 160803s9999 xx 000 0 und d | ||
| 020 | _a978-0486266909 | ||
| 100 | _aWharton, Edith | ||
| 245 | _aEthan Frome / | ||
| 245 | _cEdith Wharton ; | ||
| 260 | _aNew York : | ||
| 260 | _bScholastic Inc. | ||
| 260 | _c2000 | ||
| 650 | _aFarm life -- | ||
| 650 | _aMarried people -- | ||
| 650 | _aNew England -- | ||
| 650 | _aRural poor -- | ||
| 650 | _xFiction. | ||
| 650 | _xFiction. | ||
| 650 | _xFiction. | ||
| 650 | _xFiction. | ||
| 700 | _a1160 | ||
| 999 |
_c298504 _d298504 |
||